000 00322nam a22001337a 4500
003 SGT
020 _a9789367559215
082 _a630
_bSIN
100 _aSINGH DR NITESH
245 _aMILLETS A SUPERFOOD FOR SUSTAINABLE GROWTH AND DEVELOPMENT
260 _aINDIA
_bCONTENT VIBES
_c2025
300 _a241
942 _2ddc
_cBK
999 _c33166
_d33166